Na Ťahanovciach postavia sklad potravín

Bibliographic Details
Format: Article
Language:Slovak
PhysicalDescription:Fotogr.
ISSN:1338-659X
Subjects:
Online Access:http://kosice.korzar.sme.sk/c/7891841/na-sidlisku-tahanovce-postavia-sklad-potravin.html

MARC

LEADER 00000nab a2200000 a 4500
001 vtls010689908
003 SK-MaSNL
005 20260303085931.0
008 150702c20150702xo drz 0 0slo
038 |a KEVKJB 
040 |a KEVKJB  |b slo  |c KEVKJB  |e AACR2 
041 0 |a slo 
044 |a xo  |c SK 
080 |a 725.35  |2 2001 
245 0 0 |a Na Ťahanovciach postavia sklad potravín  |c [autor] (jav) 
300 |b Fotogr. 
650 0 7 |a sklady potravín  |2 kevkjb  |9 1096153 
651 7 |a Košice (Slovensko)  |2 kevkjb  |9 18694 
651 7 |a Ťahanovce (Košice I, Slovensko)  |2 kevkjb  |9 168684 
773 0 |t Korzár : denník Košického kraja  |g Roč. XVIII., č. 151 (2.7.2015), s. 2  |x 1338-659X 
852 |a KEVKJB  |b KIS3GCP 
856 4 1 |u http://kosice.korzar.sme.sk/c/7891841/na-sidlisku-tahanovce-postavia-sklad-potravin.html 
999 |c 1801208  |d 1803138